00791nam a2200253 a 4500001001300000003000900013005001700022008004100039020002300080082001700103100001700120245006500137260004400202300000900246500003500255505002400290650002800314650001600342700001700358902000800375942000700383952013000390999001700520nice12345678IN_TiNIC20260116013710.0050524s1997 lona grp 000 0 eng  a0191051 c45000a954.403bVID aVidal, Denis aViolence and Truthb a Rajasthani Kingdom Confronts Colonial aLondan bOxford University Press c1997 a244p aincludes index and biblioraphy2 aIndex, Bibliography aBritish-India Rajasthan aColonialism1 aVidal, Denis bSRS cBK 001040708StackRoom-aHMIbHMId2007-07-31g450.00l1o954.403 VIDp017491r2022-02-11s2022-02-11v450.00w2005-05-24yBK c12026d12026